| 000 | 00662nam a2200229Ia 4500 | ||
|---|---|---|---|
| 008 | 160418s9999 xx 000 0 und d | ||
| 020 | _a971-584-335-2 | ||
| 050 | _aFIL PQ 8897.R5 | ||
| 050 | _b.L33 2002 c.1 | ||
| 100 | _aLacaba, Emmanuel P. | ||
| 245 | _aTekstong patnubay sa pag-aaral ng El Filibusterismo / | ||
| 245 | _cEmmanuel P. Lacaba. | ||
| 260 | _aQuezon City: | ||
| 260 | _bC & E Pub. Inc., | ||
| 260 | _c2002 | ||
| 300 | _a322 pages : | ||
| 300 | _billustrations ; | ||
| 300 | _c26 cm. | ||
| 500 | _aIncludes bibliographical references. | ||
| 650 | _aPhilippine literature. | ||
| 650 | _xRizal, Jose, 1861-1896 -- El Filibusterismo. | ||
| 999 |
_c293591 _d293591 |
||